| 000 | 00404cam a2200181ua 4500 | ||
|---|---|---|---|
| 020 | _c4.00 | ||
| 041 |
_ahin _h |
||
| 082 |
_a891.54 _bSOO/BH |
||
| 100 | _aSoordas, . | ||
| 245 |
_aBhramargeet-saar / _cSoordas. _hTextual Documents |
||
| 250 |
_a8 / _b. |
||
| 260 |
_a : _bSahitya Sadan , _c1960. |
||
| 300 | _a158 ; . | ||
| 365 | _a4.00 | ||
| 504 | _a | ||
| 942 | _cBK | ||
| 999 |
_c8218 _d8218 |
||